Missing Word: Books Beginning with 'J' & 'K' Quiz Stats

Quiz Updated Jul 10, 2015

Challenge
Share
Tweet
Embed
Score 0/20 Timer 04:00
0 Plays Today
BOOKS Answer % Correct
The Jungle ____Book
98.9%
Jurassic ____Park
98.9%
James and the ____ PeachGiant
98.4%
Journey to the ____ of the EarthCentre
96.2%
Jane ____Eyre
93.1%
The Joy Luck ____Club
86.7%
The Kite ____Runner
84.5%
Kiss of the ____ WomanSpider
82.1%
Kane And ____Abel
76.4%
Jonathan Livingston ____Seagull
73%
BOOKS Answer % Correct
Just Above My ____Head
62.2%
Kiss the ____Girls
61.6%
King Solomon's ____Mines
59.3%
The Joy of ____Sex
58.4%
Jude the ____Obscure
44.6%
Jacob the ____Liar
30%
Joseph and His ____Brothers
22%
Jonathan ____ and Mr. NorrellStrange
21.1%
Keep the Aspidistra ____Flying
12.7%
The Killer ____Angels
11.4%

Today's Daily Dose

Missing Word
Ubisoft Games

Word Ladder
Physics Phun

Quick Pick
Me an EGOT II

On This Day
May 27th II

You're not logged in!

Compare scores with friends on all Sporcle quizzes.
Join for Free
OR
Log In

You Might Also Like...

Show Comments

Extras

Top Quizzes Today


Score Distribution

Your Account Isn't Verified!

In order to create a playlist on Sporcle, you need to verify the email address you used during registration. Go to your Sporcle Settings to finish the process.

Report this User

Report this user for behavior that violates our Community Guidelines.

Details: